000 01030nam a2200277Ia 4500
003 OSt
005 20221005111617.0
006 a|||||r|||| 00| 0
007 ta
008 221004b |||||||| |||| 00| 0 hin d
020 _a9788180313189 (hbk)
_c225
024 _a23251
037 _b218, 24/11/2015, Eastern Book Linkers
_cTextual
040 _aCRL
_cCRL
_bhin
041 _2hin
_ahin
082 _aO152,1:gN, J8;P9
100 _aरामधारी सिंह दिनकर
245 0 _aपन्त, प्रसाद और मैथिलीशरण
246 _aPanta, prasād aur maithilīsharaṇa
250 _aसंस्करण 2
260 _aपटना
_bउदयाचल प्रकाशन भारत
_c2009
300 _a151पृ0
_ccm.
650 _aहिन्दी साहित्य
942 _hO152,1:gN, J8;P9
_cTEXL
_2cc
999 _c1022343
_d1022343